Stolice Polski - Nagła Śmierć - Statystyki

Ogólne statystyki
  • Ten quiz został rozwiązany 763 razy
  • Średni wynik to 4 z 7
Answers on the Grid
Answers color-coded by a green-red scale on the quiz's grid according to % correct below.
Kraków
Kalisz
Katowice
Płock
Warszawa
Wilno
Zamość
Lublin
Wrocław
Poznań
Gniezno
Częstochowa
Chełm
Rzeszów
Gdańsk
 
Statystyki odpowiedzi
Odpowiedź % Poprawnych
Kraków
97%
Warszawa
91%
Gniezno
86%
Płock
40%
Poznań
40%
Lublin
20%
Chełm
11%
Nie znaleziono quizów pasujących do podanych kryteriów
Rozkład punktacji
Procent ludzi z każdym wynikiem
Percentyl według liczby udzielonych odpowiedzi
Twoja historia wyników
Nie rozwiązałeś tego quizu